The Neverending Story Quiz - Statistics

General Stats
  • This quiz has been taken 10 times
  • The average score is 10 of 20
Answer Stats
Hint Answer % Correct
1 Embarks on a quest to save Fantasia Atreyu
100%
3 Horse belonging to #1 Artax
83%
2 Boy who reads the book about #1's quest Bastian Balthazar Bux
83%
7 White dragon who helps #1 Falkor
83%
5 Childlike Empress' true name Moon Child
67%
4 The amulet given to #1 by Childlike Empress AURYN
50%
10 Werewolf that embarked on a quest to kill #1 Gmork
50%
13 The last remnant of Fantasia given by Empress to #2 grain of sand
50%
6 What slowly but inevitably destroys Fantasia the Nothing
50%
12 Female gnome, wife of the above Urgl
50%
20 Owner of bookstore where #2 found the Neverending Story Carl Conrad Coreander
33%
11 Male gnome who studied the oracle Engywook
33%
14 The multi-colored desert Goab
33%
15 The lion who lives in thesert Graograman
33%
18 #2's penultimate memory his father
33%
16 What the desert turns into at night Perelin, the Night Forest
33%
8 Name of the oracle who aids #1 in his quest Uyulala
33%
17 The wicked sorceress Xayide
33%
9 The shapeshifting "sentient swarm" that bites #1 Ygramul
33%
19 #2's final memory his own name
17%
No matching quizzes found
Score Distribution
Percent of People with Each Score
Percentile by Number Answered
Your Score History
You have not taken this quiz